Southville International School and Colleges
Your cart is empty.
  • Cart
  • Lists
    Public lists Eva Luna New books Lux_list list_1
    Your lists Log in to create your own lists
  • Log in to your account
  • Your cookies
  • Search history
Southville International School and Colleges
  • Advanced search
  • Recent comments
  • Most popular
  • Libraries

Log in to your account

Log in with GOOGLE


If you do not have an external account, but do have a local account, you can still log in:

  1. Home
  2. MARC view: Concepts of database management /
Normal view MARC view ISBD view

Concepts of database management / (Record no. 289007)

[ view plain ]
MARC details
000 -LEADER
fixed length control field 01589cam a22003857a 4500
001 - CONTROL NUMBER
control field 16739094
003 - CONTROL NUMBER IDENTIFIER
control field PILC
005 - DATE AND TIME OF LATEST TRANSACTION
control field 20151203135436.0
008 - FIXED-LENGTH DATA ELEMENTS--GENERAL INFORMATION
fixed length control field 110418s2012 maua 001 0 eng d
010 ## - LIBRARY OF CONGRESS CONTROL NUMBER
LC control number 2011927627
015 ## - NATIONAL BIBLIOGRAPHY NUMBER
National bibliography number GBB134243
Source bnb
016 7# - NATIONAL BIBLIOGRAPHIC AGENCY CONTROL NUMBER
Record control number 015771898
Source Uk
020 ## - INTERNATIONAL STANDARD BOOK NUMBER
International Standard Book Number 9781111825911 (pbk.)
020 ## - INTERNATIONAL STANDARD BOOK NUMBER
International Standard Book Number 9789814410014
035 ## - SYSTEM CONTROL NUMBER
System control number (OCoLC)ocn752997668
040 ## - CATALOGING SOURCE
Original cataloging agency UKMGB
Transcribing agency UKMGB
Modifying agency TXI
-- BTCTA
-- TUU
-- TOH
-- YDXCP
-- BWX
-- DLC
042 ## - AUTHENTICATION CODE
Authentication code lccopycat
050 00 - LIBRARY OF CONGRESS CALL NUMBER
Classification number QA 76.9.D3
Item number .P913 2012
082 04 - DEWEY DECIMAL CLASSIFICATION NUMBER
Classification number 005.756
100 1# - MAIN ENTRY--PERSONAL NAME
Personal name Pratt, Philip J.,
Dates associated with a name 1945-
245 10 - TITLE STATEMENT
Title Concepts of database management /
Statement of responsibility, etc Philip J. Pratt, Joseph J. Adamski.
250 ## - EDITION STATEMENT
Edition statement 7th edition.
260 ## - PUBLICATION, DISTRIBUTION, ETC. (IMPRINT)
Place of publication, distribution, etc Boston, Mass. :
Name of publisher, distributor, etc Course Technology,
Date of publication, distribution, etc 2012.
300 ## - PHYSICAL DESCRIPTION
Extent xv, 415 pages :
Other physical details illustrations ;
Dimensions 28 cm.
500 ## - GENERAL NOTE
General note Previous ed.: Clifton Park, N.Y.: Thomson Delmar Learning, 2008.
500 ## - GENERAL NOTE
General note Includes appendix, glossary and index.
505 0# - FORMATTED CONTENTS NOTE
Formatted contents note Introduction to database management -- Relational model1: introduction, QBE, and relational algebra -- Retational model 2: SQL -- Relational model 3: advanced topics -- Database design 1: normalization -- Database design 2: design method -- DBMS functions -- Database administration -- Database management approaches.
650 #0 - SUBJECT ADDED ENTRY--TOPICAL TERM
Topical term or geographic name as entry element Database management.
650 #0 - SUBJECT ADDED ENTRY--TOPICAL TERM
Topical term or geographic name as entry element Relational databases.
700 1# - ADDED ENTRY--PERSONAL NAME
Personal name Adamski, Joseph J.,
Dates associated with a name 1945-
906 ## - LOCAL DATA ELEMENT F, LDF (RLIN)
a 7
b cbc
c copycat
d 2
e epcn
f 20
g y-gencatlg
942 ## - ADDED ENTRY ELEMENTS (KOHA)
Source of classification or shelving scheme Library of Congress Classification
Koha item type Books
Call number prefix Foreign
Holdings
Withdrawn status Lost status Source of classification or shelving scheme Damaged status Home library Current library Shelving location Date acquired Source of acquisition Cost, normal purchase price Total Checkouts Total Renewals Full call number Barcode Date last seen Date checked out Price effective from Koha item type
    Library of Congress Classification   College Library College Library Graduate Section 12/03/2015 Library Fund 498.00 1 12 QA 76.9.D3 .P913 2012 C20302 05/15/2018 07/11/2016 12/03/2015 Books

Concepts of database management /

APA

Pratt P. J., Adamski J. J., . (2012). Concepts of database management. Boston, Mass: Course Technology.

Chicago

Pratt Philip J, Adamski Joseph J, . 2012. Concepts of database management. Boston, Mass: Course Technology.

Harvard

Pratt P. J., Adamski J. J., . (2012). Concepts of database management. Boston, Mass: Course Technology.

MLA

Pratt Philip J, Adamski Joseph J, . Concepts of database management. Boston, Mass: Course Technology. 2012.

  • Place hold
  • Print
  • Cite
  • Add to your cart (remove)
  • Save record
    BIBTEX Dublin Core MARCXML MARC (non-Unicode/MARC-8) MARC (Unicode/UTF-8) MARC (Unicode/UTF-8, Standard) MODS (XML) RIS
  • More searches
    Search for this title in:
    Other Libraries (WorldCat) Other Databases (Google Scholar) Online Stores (Bookfinder.com) Open Library (openlibrary.org)

Exporting to Dublin Core...

SOUTHVILLE LIBRARY

Southville International School and Colleges Library

1281 Tropical Ave. Cor. Luxembourg St., BF Homes International, Las Pinas City

Tel. No. 8256374 / 252358 Loc. 117/146

Powered by Koha